| 000 | 00811nam a22002177a 4500 | ||
|---|---|---|---|
| 999 |
_c18499 _d18499 |
||
| 003 | AR-CdUCM | ||
| 008 | 190514b ||||| |||| 00| 0 spa d | ||
| 040 |
_aMUNICIPALIDAD PROVINCIAL DEL CUSCO _cBIBLIOTECA MUNICIPAL DEL CUSCO |
||
| 082 |
_a182 / _bW79 |
||
| 100 |
_aWindelband, Wilhelm _939122 |
||
| 245 | _aLa filosofía de los griegos / | ||
| 260 |
_aMéxico : _bPallas, _c1941. |
||
| 300 |
_a287 paginas ; _c24 cm. |
||
| 505 | _aContenido : Nombres y conceptos de la filosofía -- El problema de la historia de la filosofía -- La división de la filosofía y de su historia... | ||
| 650 |
_aHistoria de la filosofía _97367 |
||
| 650 |
_aLo pragmático _939123 |
||
| 650 |
_aDoctrinas _919990 |
||
| 700 |
_aLarroyo, Francisco (Traducción) _939124 |
||
| 942 |
_2ddc _cLIBROS |
||
| 945 |
_awnts _d2019-05-14 |
||